Fr. Conceicao Rodrigues College of Engineering

Professional Java Server Programming J2EE (Record no. 30676)

MARC details
000 -LEADER
fixed length control field 00364nam a2200169Ia 4500
082 ## - DEWEY DECIMAL CLASSIFICATION NUMBER
Classification number 005.133J/ALL
Item number ALL
100 ## - MAIN ENTRY--PERSONAL NAME
Personal name Allamaraju/Subrahmanyam
250 ## - EDITION STATEMENT
Edition statement 1
245 ## - TITLE STATEMENT
Title Professional Java Server Programming J2EE
260 ## - PUBLICATION, DISTRIBUTION, ETC.
Name of publisher, distributor, etc. SPD
Date of publication, distribution, etc. 2004
366 ## - TRADE AVAILABILITY INFORMATION
Publishers's discount category 20
300 ## - PHYSICAL DESCRIPTION
Extent 1248
546 ## - LANGUAGE NOTE
Language note ENGLISH
650 ## - SUBJECT ADDED ENTRY--TOPICAL TERM
Topical term or geographic name entry element Java
654 ## - SUBJECT ADDED ENTRY--FACETED TOPICAL TERMS
Focus term java server
942 ## - ADDED ENTRY ELEMENTS (KOHA)
Koha item type Reference Book
Holdings
Withdrawn status Lost status Damaged status Not for loan Collection Home library Current library Shelving location Date acquired Source of acquisition Cost, normal purchase price Total Checkouts Full call number Barcode Date last seen Cost, replacement price Price effective from Koha item type Date last checked out
        CRC Fr. Agnel's C.Rodrigues College of Engineering Fr. Agnel's C.Rodrigues College of Engineering   17/03/2023 Computer Book shop 655.00   005.133J/ALL ALL 16690 17/03/2023 675.00   Reference Book  
        CRC Fr. Agnel's C.Rodrigues College of Engineering Fr. Agnel's C.Rodrigues College of Engineering   17/03/2023 Computer Book shop 655.00 1 005.133J/ALL ALL 16691 26/08/2024 675.00   BOOK 26/08/2024